Central Library OPAC University of Rajshahi

World product and income : (Record no. 45461)

MARC details
000 -LEADER
fixed length control field 01433nam a2200361 a 4500
001 - CONTROL NUMBER
control field 45461
003 - CONTROL NUMBER IDENTIFIER
rucl marc code BD-RjUL
005 - DATE AND TIME OF LATEST TRANSACTION
control field 20211209054022.0
008 - FIXED-LENGTH DATA ELEMENTS--GENERAL INFORMATION
fixed length control field 160726s1982 mdua b i001 0 eng
020 ## - INTERNATIONAL STANDARD BOOK NUMBER
International Standard Book Number 0801823595
International Standard Book Number 0801823609
035 ## - SYSTEM CONTROL NUMBER
System control number (BD-RjUL)45579
040 ## - CATALOGING SOURCE
Original cataloging agency LC
Language of cataloging eng
Transcribing agency LC
Modifying agency SUA
041 ## - LANGUAGE CODE
Language code of text/sound track or separate title eng
082 00 - DEWEY DECIMAL CLASSIFICATION NUMBER
Classification number 339.3
Edition number 19
Author mark and year KRW 1982
100 1# - MAIN ENTRY--PERSONAL NAME
Personal name Kravis, Irving B.
9 (RLIN) 139180
245 10 - TITLE STATEMENT
Title World product and income :
Remainder of title international comparisons of real gross product /
Statement of responsibility, etc. produced by the Statistical Office of the United Nations and the World Bank ; Irving B. Kravis, Alan Heston, Robert Summers, in collaboration with Alicia R. Civitello ... [et al.].
260 ## - PUBLICATION, DISTRIBUTION, ETC. (IMPRINT)
Place of publication, distribution, etc. Baltimore :
Name of publisher, distributor, etc. Published for the World Bank [by] the Johns Hopkins University Press,
Date of publication, distribution, etc. c1982.
300 ## - PHYSICAL DESCRIPTION
Pagination x, 388 p. :
Illustrations ill. ;
Size 29 cm.
500 ## - GENERAL NOTE
General note Half title: United Nations International Comparison Project, phase III.
General note Includes index.
504 ## - BIBLIOGRAPHY, ETC. NOTE
Bibliography, etc Bibliography: p. 375-379.
650 #0 - SUBJECT ADDED ENTRY--TOPICAL TERM
Topical term or geographic name as entry element National income.
9 (RLIN) 139181
Topical term or geographic name as entry element Gross national product.
9 (RLIN) 139182
Topical term or geographic name as entry element Comparative economics.
9 (RLIN) 129184
700 1# - ADDED ENTRY--PERSONAL NAME
Personal name Heston, Alan W.
Personal name Summers, Robert,
Dates associated with a name 1922-
710 2# - ADDED ENTRY--CORPORATE NAME
Corporate name or jurisdiction name as entry element World Bank.
9 (RLIN) 139185
Corporate name or jurisdiction name as entry element United Nations.
Subordinate unit Statistical Office.
9 (RLIN) 139186
942 ## - ADDED ENTRY ELEMENTS (KOHA)
Source of classification or shelving scheme Dewey Decimal Classification
Koha item type Books
Holdings
Lost status Source of classification or shelving scheme Damaged status Not for loan Collection code Permanent Location Current Location Shelving location Date acquired Total Checkouts Full call number Date last seen Copy number Koha item type Source of acquisition
  Dewey Decimal Classification     Non-fiction Central Library, University of Rajshahi Central Library, University of Rajshahi   20/03/1984   339.3 KRW 1982 26/07/2016 C-2 Books  
  Dewey Decimal Classification     Non-fiction Central Library, University of Rajshahi Central Library, University of Rajshahi   14/10/1982   339.3 KRW 1982 26/07/2016 C-3 Books World book